000 00383pab a2200157 454500
008 180718b1997 xxu||||| |||| 00| 0 eng d
100 _aGupta, K.N.
245 _aCrime analysis: an important tool in investigation
260 _c1997
300 _ap.18-29
362 _aJul-Dec
650 _aCrime - India
650 _aCrime
773 _aIndian Police Journal
909 _a38219
999 _c38219
_d38219